000 00426nam a2200181Ia 4500
008 240510s9999 xx 000 0 und d
020 _a0009555501297
041 _asih
082 _a891.483
082 _bC45
100 _aCLODE, Calo : Translator : MASKORALA, Sudash,
245 0 _aRukada Pancha
260 _bColombo : Lassana Publishers
260 _c1997
300 _a136 p.
942 _2ddc
942 _cLBK
999 _c28366
_d28366
945 _a1
_bMadushi Gamage
_c1
_dMadushi Gamage